La dimensión ecuménica en la formación de quienes trabajan en el Ministerio Pastoral

Salvato in:
Dettagli Bibliografici
Ente Autore: Pontificium Consilium ad Christianorum Unitatem Fovendam (Autore)
Natura: Libro
Lingua:spagnolo
Pubblicazione: Ciudad del Vaticano Typis Vaticanis 1997
Soggetti:
Tags: Aggiungi Tag
Nessun Tag, puoi essere il primo ad aggiungerne!!

MARC

LEADER 00000nam a2200000 a 4500
001 UCQ6818
003 CL-VaPUC
008 981023e19970000VC |||||||||||||||||spa|d
082 0 4 |a 270.82  |b PON  |2 21 
110 2 |a Pontificium Consilium ad Christianorum Unitatem Fovendam  |e author  |9 420750 
245 1 3 |a La dimensión ecuménica en la formación de quienes trabajan en el Ministerio Pastoral 
300 |a Pág. irreg 
942 |c BK 
945 |d 19981023 00:00:00  |a mvenant 
260 |a Ciudad del Vaticano  |b Typis Vaticanis  |c 1997 
650 0 |a Ecumenismo  |9 255639 
650 7 |a PASTORAL  |2 CL-VaPUC  |9 397996 
583 |a last modification  |c 19981023 00:00:00  |k Rodrigo Vera 
999 |c 276723  |d 276721 
952 |0 0  |1 0  |4 0  |6 270_820000000000000_PON_1997  |7 0  |8 A  |9 314158  |a BIBTEO  |b BIBTEO  |d 2019-11-20  |i 3444902  |o 270.82 PON 1997  |p 3444902  |r 2025-01-17  |w 2019-11-20  |y BK  |k ICR 
952 |0 0  |1 0  |4 0  |6 270_820000000000000_PON_1997  |7 0  |8 A  |9 314159  |a BIBTEO  |b BIBTEO  |d 2019-11-20  |i 4071859  |o 270.82 PON 1997  |p 4071859  |r 2025-01-17  |w 2019-11-20  |y BK  |k ICR